European Geography by Letter - Q - Statistics

General Stats
  • This quiz has been taken 110 times
  • The average score is 3 of 20
Answer Stats
Hint Answer % Correct
Title of Victoria and Elizabeth II of the United Kingdom queen
100%
Pacifist and abolitionist Christian religious group that arose in 17th century England Quakers
60%
English football club that was founded in 1882 and plays in the Championship (tier 2) Queens Park Rangers
45%
Norwegian politician who collaborated with the Nazis during World War II and whose name has become another term for "traitor" Vidkun Quisling
43%
Town of 60,000 in Brittany, France Quimper
35%
Scottish football club based in Dumfries and founded in 1919 Queen of the South
18%
Undeclared naval war fought from 1798-1800 between the United States and France Quasi-War
6%
City of 25,000 in the centre of the island of Malta Qormi
5%
Portuguese city of 78,000 in the Lisbon metropolitan area Queluz
5%
One of three official residences of the President of Italy Quirinal Palace
5%
Town of 20,000 on the southern coast of Portugal Quarteira
3%
Seaside town in Brittany, France with a population of 5,000 Quiberon
3%
Town of 13,000 in Lower Saxony, Germany Quakenbrück
2%
French football club that plays in Ligue 2 and was founded in 1902 Quevilly-Rouen
2%
Former subunit of the lek, the currency of Albania qintar
1%
Letter that was used in early forms of the Greek alphabet, and is the source of the Latin letter Q qoppa
1%
Italian municipality in Emilia-Romagna with a population of 13,000 Quattro Castella
0%
Smallest town in Germany to have a cinema Quernheim
0%
Town in southern France with a population of 3,000 Quillan
0%
Italian municipality in Veneto with a population of 10,000 Quinto di Treviso
0%
No matching quizzes found
Score Distribution
Percent of People with Each Score
Percentile by Number Answered
Your Score History
You have not taken this quiz